00630cam a22002173a 45000010005000000030006000050050017000110080041000280400015000690420007000840500007000911000027000982450061001252600029001865060073002155160020002886530011003087000024003198300028003438560041003718216PGUSA20140828083153.0050601s2005||||xxu|||||s|||||000 | eng d aPGUSAbeng adc 4aBJ1 aVaknin, Samuel,d1961-10aIssues in Ethicsh[electronic resource] /cSamuel Vaknin bProject Gutenberg,c2005 aCopyrighted. Read the copyright notice inside this book for details. aElectronic text aEthics1 aRangelovska, Lidija 0aProject Gutenbergv821640uhttp://www.gutenberg.org/ebooks/8216